00000000nam##2200000za#4500
0019.573997
003CaOODSP
00520210624183953
007cr |||||||||||
008150406|1998||||xxc|||||o    f|0| 0 eng|d
022 |a1488-5379
040 |aCaOODSP|beng
043 |an-cn---
0861 |aFs97-6/2222E-PDF
1101 |aCanada. |bDepartment of Fisheries and Oceans. |bMaritimes Region.
24510|aSize-specific estimates of lobster catchability in the Baie de Chaleurs based on traps with different entrance ring sizes / |h[electronic resource]|cby M.J. Tremblay, M. Lanteigne and M. Mallet.
260 |aDartmouth - Nova Scotia : |bFisheries and Oceans Canada. |cc1998.
300 |a21p.|bgraphs, illus., map, references, tables
4901 |aCanadian technical report of fisheries and aquatic sciences|x1488-5379|vNo. 2222
500 |aThe catalogue number (Fs97-6/2222E) and ISSN (0706-6457) for the print edition have been incorrectly copied in this electronic publication.
546 |a(Résumé en français)
590 |a12-22-Supp|b2012-05-24
7201 |aLanteigne, M.
7201 |aMallet, M.
7201 |aTremblay, M. J.
7760#|tSize-specific estimates of lobster catchability in the Baie des Chaleurs based on traps with different entrance ring sizes / |w(CaOODSP)9.614645
830#0|aCanadian technical report of fisheries and aquatic sciences,|x1488-5379|vNo. 2222|w(CaOODSP)9.504449
85640|ahttp://publications.gc.ca|qPDF|s1.25 MB|uhttps://publications.gc.ca/collections/collection_2012/mpo-dfo/Fs97-6-2222-eng.pdf|yNo. 2222